| 000 | 01002nac a22002891i 4500 | ||
|---|---|---|---|
| 003 | EG-ScBUE | ||
| 005 | 20241217100853.0 | ||
| 008 | 241217t1995 maua f 001 0 eng d | ||
| 020 | _a0669355135 | ||
| 020 | _a9780669355130 | ||
| 040 |
_aEG-ScBUE _beng _erda _cEG-ScBUE _dEG-ScBUE |
||
| 082 | 0 | 4 |
_a519.5 _bBRA _222 |
| 100 | 1 |
_aBrase, Charles Henry, _eauthor. |
|
| 245 | 1 | 0 |
_aUnderstandable statistics : _bconcepts and methods / _cCharles Henry Brase, Regis University, Corrinne Pellillo Brase, Arapahoe Community College. |
| 250 | _aFifth edition. | ||
| 264 | 1 |
_aLexington, Mass. : _bD.C. Heath, _c[1995] |
|
| 264 | 4 | _cc1995 | |
| 300 |
_axxiii, 849, 131 pages : _billustrations (some color) ; _c24 cm |
||
| 336 |
_2rdacontent _atext _btxt |
||
| 337 |
_aunmediated _2rdamedia _bn |
||
| 338 |
_avolume _bnc _2rdacarrier |
||
| 500 | _aIncludes index. | ||
| 650 | 7 |
_aMathematical statistics. _2BUEsh |
|
| 655 | _vReading book | ||
| 700 | 1 |
_aBrase, Corrinne Pellillo, _eauthor. |
|
| 942 |
_cBB _2ddc |
||
| 999 |
_c9307 _d9307 |
||